000
00328nam a2200133Ia 4500
008
240624s9999 xx 000 0 und d
041
_a
eng
082
_a
658.3 PHI
100
_a
PHILLIPS JEAN M
245
_a
STRATEGIC STAFFING
260
_c
2009
_a
New Delhi
_b
Pearson Education India
300
_a
448 : p.
365
_c
RS
_b
27.5
999
_c
21805
_d
21805